| 000 | 00420nam a2200121Ia 4500 | ||
|---|---|---|---|
| 008 | 171212s9999 xx 000 0 und d | ||
| 020 | _a9780823273409 | ||
| 100 | _aMani, B. Venkat | ||
| 245 |
_cMani, B. Venkat _aRecoding World Literature _bLibraries, Print Culture, and Germany's Pact with Books |
||
| 260 |
_bFordham University Press _c2017 |
||
| 650 | _aLibrary Science | ||
| 856 | _uhttp://jstor.org/stable/j.ctt1fzhct7 | ||
| 999 |
_c351484 _d351484 |
||